LEADER 01355nam 2200373 450 001 000015701 005 20050718115600.0 010 $a0-521-27104-5 100 $a20030731d1984----km-y0itay0103----ba 101 0 $aeng 102 $aGB 200 1 $a<> primer on Riemann surfaces$fA.F. Beardon 210 $aCambridge [etc.]$cCambridge University Press$d1984 215 $aX, 188 p.$cill.$d23 cm. 225 2 $aLondon Mathematical Society Lecture Note Series$v78 410 0$12001$aLondon Mathematical Society Lecture Note Series 606 $aSuperficie di Riemann 676 $a515.223$v(21. ed.)$9Analisi. Uniformità e multiformità 691 $a30Fxx$9Functions of a complex variable. Riemann surfaces 700 1$aBeardon,$bA. F.$0440908 801 0$aIT$bUniversità della Basilicata - B.I.A.$gRICA$2unimarc 912 $a000015701 996 $aPrimer on Riemann surfaces$982550 997 $aUNIBAS BAS $aMONSCI BAS $aSCIENZE CAT $aEXT002$b01$c20030731$lBAS01$h1718 CAT $c20050601$lBAS01$h1755 CAT $abatch$b01$c20050718$lBAS01$h1052 CAT $c20050718$lBAS01$h1111 CAT $c20050718$lBAS01$h1142 CAT $c20050718$lBAS01$h1156 FMT Z30 -1$lBAS01$LBAS01$mBOOK$1BASA2$APolo Tecnico-Scientifico$2GEN$BCollezione generale$3MAT$665034$5S65034$820030731$f51$FRiservati LEADER 01846nas 2200625-a 450 001 996335924703316 005 20240413021106.0 035 $a(CKB)954927697979 035 $a(CONSER)sn-86002399- 035 $a(MiAaPQ)37802 035 $a(EXLCZ)99954927697979 100 $a19860916b19862000 --- a 101 0 $aeng 135 $aurunu||||| 181 $ctxt$2rdacontent 182 $cc$2rdamedia 183 $acr$2rdacarrier 200 04$aThe Birth gazette 210 $a[Summertown, Tenn.] $c[Religious and Educational Fund]$d[1986]- 215 $a1 online resource 300 $aTitle from cover. 300 $aPublished by: Rocinante, 311 08$aPrint version: The Birth gazette. 0890-3255 (DLC)sn 86002399 (OCoLC)14222670 531 $aBIRTH GAZ 531 $aBIRTH GAZETTE 531 10$aBirth Gaz 531 0 $aBirth gaz. 606 $aMidwives$zUnited States$vPeriodicals 606 $aObstetrics$zUnited States$vPeriodicals 606 $aChildbirth$zUnited States$vPeriodicals 606 $aLabor, Obstetric 606 $aMidwifery 606 $aObstetrics 606 $aChildbirth$2fast$3(OCoLC)fst00854780 606 $aMidwives$2fast$3(OCoLC)fst01020625 606 $aObstetrics$2fast$3(OCoLC)fst01042994 607 $aUnited States$2fast 608 $aPeriodicals. 608 $aPeriodicals.$2fast 615 0$aMidwives 615 0$aObstetrics 615 0$aChildbirth 615 2$aLabor, Obstetric. 615 2$aMidwifery. 615 2$aObstetrics. 615 7$aChildbirth. 615 7$aMidwives. 615 7$aObstetrics. 676 $a618 712 02$aReligious and Educational Fund (Walden, Tenn.) 906 $aJOURNAL 912 $a996335924703316 920 $aexl_impl conversion 996 $aThe Birth gazette$92336326 997 $aUNISA